| 000 | 00439nam a2200157Ia 4500 | ||
|---|---|---|---|
| 008 | 160316s2008 xxu||||| |||| 00| 0 eng d | ||
| 082 |
_a344.030000 _bWIK |
||
| 100 | _aWikeley N J | ||
| 245 | _aThe law of social security | ||
| 250 | _a5th | ||
| 260 |
_aOxford _bOxford University Press _c2008 |
||
| 300 |
_a805p _b _ccxxiii |
||
| 365 | _b Rs. 3,557 | ||
| 650 | _a1. Social Security - Law & Legislation - U K | ||
| 700 |
_aOgus A I _aBarendt |
||
| 999 |
_c26912 _d26912 |
||